00361nam a2200145Ia 45000030006000000080041000060400015000471000018000622450054000802500006001342600040001403000006001805460012001860050017001980STCL150530s9999 xx 000 0 und d aSTCLcSTCL aStallings, W. aOperating Systems Internals And Design Principles a5 bPearson ,Prentice Hall ;Delhic2006 a0 aEnglish20220125160215.0